[Event "SVK-ch U12"]
[Site "Brezova pod Bradlom"]
[Date "2006.03.08"]
[Round "6"]
[White "Straka, Jozef1"]
[Black "Kovac, Ondrej"]
[Result "1-0"]
[WhiteElo "1931"]
[BlackElo "1650"]
[PlyCount "183"]
[EventDate "2006.03.05"]
[EventType "swiss"]
[EventRounds "9"]
[EventCountry "SVK"]
[SourceTitle "EXT 2008"]
[Source "ChessBase"]
[SourceDate "2007.11.25"]
[SourceVersion "1"]
[SourceVersionDate "2007.11.25"]
[SourceQuality "1"]

1. e4 e5 2. Nf3 Nc6 3. Nc3 Nf6 4. d4 exd4 5. Nxd4 Bc5 6. Nb3 Bb4 7. Bd3 0-0 8. 0-0 Bxc3 9. bxc3 d6 10. Bg5 Ne5 11. Re1 h6 12. Bh4 Ng6 13. Bg3 Re8 14. h3 Bd7 15. f4 Bc6 16. e5 dxe5 17. Bxg6 Qxd1 18. Raxd1 exf4 19. Bxf7+ Kxf7 20. Bxf4 Rxe1+ 21. Rxe1 Nd5 22. Be5 Re8 23. Na5 Re6 24. Rf1+ Kg6 25. Nxc6 Rxc6 26. Rf3 Nf6 27. a3 Ra6 28. c4 Rc6 29. Rf4 Ra6 30. Bb2 Rb6 31. Bd4 Ra6 32. Rf3 Ra4 33. Rc3 Ra6 34. c5 Ra4 35. Be5 c6 36. Rb3 Rc4 37. Bd6 Rxc2 38. Rxb7 Rc1+ 39. Kh2 Ne4 40. Rxa7 Nxc5 41. a4 Ne6 42. a5 Ra1 43. Ra6 Nd8 44. Bc7 Ne6 45. Rxc6 Kf7 46. Bb6 Ra2 47. Rc4 Ra3 48. Re4 Ra2 49. Kg3 Ra3+ 50. Re3 Ra4 51. Rd3 Ke7 52. Rd2 Ke8 53. Rc2 Kd7 54. Rd2+ Ke7 55. Rd5 g6 56. Be3 g5 57. Rb5 Kf6 58. Bd2 Ra3+ 59. Kh2 Ra2 60. Bc3+ Kg6 61. Rb2 Ra3 62. Bb4 Ra4 63. Be1 Ra1 64. Bd2 Ra3 65. Rb6 Kf5 66. a6 Nc7 67. Rxh6 Nxa6 68. Rh5 Ra2 69. Rxg5+ Kf6 70. Ra5 Rxa5 71. Bxa5 Nc5 72. g4 Ne4 73. Kg2 Kg5 74. Bd8+ Kg6 75. h4 Kh6 76. Kf3 Nc5 77. Bg5+ Kg6 78. Be3 Ne6 79. h5+ Kf6 80. Kg3 Ng7 81. Bd4+ Kf7 82. Bxg7 Kxg7 83. g5 Kh7 84. Kg4 Kg7 85. h6+ Kg6 86. Kh4 Kh7 87. Kh5 Kg8 88. g6 Kh8 89. Kg5 Kg8 90. Kf6 Kh8 91. g7+ Kh7 92. Kf7 1-0